| 000 | 00760cam a22002533a 4500 | ||
|---|---|---|---|
| 001 | 31367 | ||
| 003 | PGUSA | ||
| 005 | 20140828083658.0 | ||
| 008 | 100223s2010||||xxu|||||s|||||000 | eng d | ||
| 040 |
_aPGUSA _beng |
||
| 042 | _adc | ||
| 050 | 4 | _aSD | |
| 100 | 1 |
_aPinchot, Gifford, _d1865-1946 |
|
| 245 | 1 | 4 |
_aThe Training of a Forester _h[electronic resource] / _cGifford Pinchot |
| 260 |
_bProject Gutenberg, _c2010 |
||
| 506 | _aPublic domain in the USA. | ||
| 516 | _aElectronic text | ||
| 653 | _aForests and forestry -- Vocational guidance | ||
| 653 | _aForestry schools and education -- United States | ||
| 653 | _aForests and forestry | ||
| 830 | 0 |
_aProject Gutenberg _v31367 |
|
| 856 | 4 | 0 | _uhttp://www.gutenberg.org/ebooks/31367 |
| 942 | _cEB | ||
| 999 |
_c260622 _d260622 |
||